|
|
|
|
| LEADER |
00859nam a22002292a 4500 |
| 001 |
001411621 |
| 003 |
CZ BrMZK |
| 005 |
20141013081513.0 |
| 007 |
ta |
| 008 |
140814s1962 xo er|||||||||||slo d |
| 040 |
|
|
|a BOA001
|b cze
|
| 100 |
1 |
|
|a Doubrava, Josef,
|d 1918-1986
|7 jk01022875
|4 aut
|
| 245 |
1 |
0 |
|a Československá socialistická republika :
|b pokuské učebné texty pre 8. ročník základnej devätročnej školy /
|c spracoval J. Doubrava, S. Mařan, J. Brabec
|
| 250 |
|
|
|a 3. vyd.
|
| 260 |
|
|
|a Bratislava :
|b Slovenské pedagogické nakladateľstvo,
|c 1962
|
| 300 |
|
|
|a 158 s.
|
| 700 |
1 |
|
|a Mařan, Stanislav,
|d 1909-
|7 jk01080429
|4 aut
|
| 700 |
1 |
|
|a Brabec, Josef
|7 jx20071108016
|4 aut
|
| 910 |
|
|
|a BOA001
|b 2-0425.740-62
|
| 990 |
|
|
|a BK
|
| 991 |
|
|
|b 201408
|
| 996 |
7 |
|
|b 2619108527
|c 2-0425.740-62
|l MZK
|r Sklad / do 24 hodin
|n 0
|w 001446815
|u 000010
|a 1
|e BOA001
|j MZK50
|s A
|